00642nam a2200241Ia 4500003000400000005001700004008004000021040000700061041001200068082001300080100003000093245005400123260006700177300000800244650002200252650002100274650001700295650002200312650001600334650001500350650001800365650001700383OSt20230523145547.0210210b1954 xxu||||| |||| 00| 0 eng d cAL aEnglish a920 PEAL aPEATTIE (Donald Culross). aLives of destiny as told for the reader's digest. aNew York.bA Signet Key Book, The New American Library.,c1954 a208 aBenjamin Franklin aThomas Jefferson aMichelangelo aLeonardo Da Vinci aHenry Bergh aMarco Polo aCharlesDarvin aDaniel Boone